Kidstories : (Record no. 9310)
[ view plain ]
| 000 -LEADER | |
|---|---|
| fixed length control field | 01491pam a2200385 a 4500 |
| 001 - CONTROL NUMBER | |
| control field | 4378368 |
| 003 - CONTROL NUMBER IDENTIFIER | |
| control field | OSt |
| 005 - DATE AND TIME OF LATEST TRANSACTION | |
| control field | 20140310182107.0 |
| 008 - FIXED-LENGTH DATA ELEMENTS--GENERAL INFORMATION | |
| fixed length control field | 910503s1991 mnua j 001 0ceng |
| 010 ## - LIBRARY OF CONGRESS CONTROL NUMBER | |
| LC control number | 91018363 |
| 020 ## - INTERNATIONAL STANDARD BOOK NUMBER | |
| International Standard Book Number | 0915793342 : |
| Terms of availability | $9.95 |
| 040 ## - CATALOGING SOURCE | |
| Original cataloging agency | DLC |
| Transcribing agency | DLC |
| Modifying agency | DLC |
| 042 ## - AUTHENTICATION CODE | |
| Authentication code | lcac |
| 043 ## - GEOGRAPHIC AREA CODE | |
| Geographic area code | n-us--- |
| 050 00 - LIBRARY OF CONGRESS CALL NUMBER | |
| Classification number | CT217 |
| Item number | .D44 1991 |
| 082 00 - DEWEY DECIMAL CLASSIFICATION NUMBER | |
| Classification number | HS 920.073 |
| Item number | D37 1991 |
| 100 1# - MAIN ENTRY--PERSONAL NAME | |
| Personal name | Delisle, James R., |
| 9 (RLIN) | 13170 |
| 245 10 - TITLE STATEMENT | |
| Title | Kidstories : |
| Remainder of title | biographies of 20 young people you'd like to know / |
| Statement of responsibility, etc | by Jim Delisle ; edited by Pamela Espeland. |
| 260 ## - PUBLICATION, DISTRIBUTION, ETC. (IMPRINT) | |
| Place of publication, distribution, etc | Minneapolis, MN, U.S.A. : |
| Name of publisher, distributor, etc | Free Spirit Pub., |
| Date of publication, distribution, etc | 1991. |
| 300 ## - PHYSICAL DESCRIPTION | |
| Extent | 168 p. : |
| Other physical details | ill. ; |
| Dimensions | 23 cm. |
| 500 ## - GENERAL NOTE | |
| General note | Includes index. |
| 520 ## - SUMMARY, ETC. | |
| Summary, etc | Life stories of twenty school-age boys and girls who were brave, intelligent, inspirational, or simply friendly, as they faced things that each of us faces. |
| 521 ## - TARGET AUDIENCE NOTE | |
| Target audience note | |
| 650 #0 - SUBJECT ADDED ENTRY--TOPICAL TERM | |
| Topical term or geographic name as entry element | Teenagers |
| Geographic subdivision | United States |
| General subdivision | Biography |
| -- | Juvenile literature. |
| 9 (RLIN) | 13171 |
| 650 #0 - SUBJECT ADDED ENTRY--TOPICAL TERM | |
| Topical term or geographic name as entry element | Children |
| Geographic subdivision | United States |
| General subdivision | Biography |
| -- | Juvenile literature. |
| 9 (RLIN) | 13172 |
| 650 #1 - SUBJECT ADDED ENTRY--TOPICAL TERM | |
| Topical term or geographic name as entry element | Students. |
| 9 (RLIN) | 13173 |
| 650 #1 - SUBJECT ADDED ENTRY--TOPICAL TERM | |
| Topical term or geographic name as entry element | Biography. |
| 9 (RLIN) | 12111 |
| 700 1# - ADDED ENTRY--PERSONAL NAME | |
| Personal name | Espeland, Pamela, |
| 9 (RLIN) | 13174 |
| 740 0# - ADDED ENTRY--UNCONTROLLED RELATED/ANALYTICAL TITLE | |
| Uncontrolled related/analytical title | Kid stories. |
| 740 0# - ADDED ENTRY--UNCONTROLLED RELATED/ANALYTICAL TITLE | |
| Uncontrolled related/analytical title | Kid's stories |
| 906 ## - LOCAL DATA ELEMENT F, LDF (RLIN) | |
| a | 7 |
| b | cbc |
| c | orignew |
| d | 1 |
| e | ocip |
| f | 19 |
| g | y-gencatlg |
| 942 ## - ADDED ENTRY ELEMENTS (KOHA) | |
| Source of classification or shelving scheme | Library of Congress Classification |
| Koha item type | |
| Withdrawn status | Lost status | Source of classification or shelving scheme | Damaged status | Home library | Current library | Shelving location | Date acquired | Total Checkouts | Full call number | Barcode | Date last seen | Copy number | Price effective from | Koha item type |
|---|---|---|---|---|---|---|---|---|---|---|---|---|---|---|
| Library of Congress Classification | Luxembourg Library | Luxembourg Library | High School Section | 08/24/2013 | CT 217 .D44 1991 | 7294 | 08/24/2013 | 1 | 10/03/2013 | Books |